Tu ... ? - Clic Quiz - Statistiques

Statistiques générales
  • Ce quiz a été pris 182 fois
  • Le résultat moyen est 15 sur 25
Statistiques - réponses
Hint Explanation Réponse % Correct
Extrait du clip de la chanson de Francky Vincent : "Tu veux mon zizi" Tu veux mon zizi
89%
Tupac Shakur, plus connu sous les noms de scène de 2Pac et Makaveli est considéré comme l'un des plus grands rappeurs de tous les temps Tupac Shakur
87%
Slogan de la pub pour Pub ChocoSui's Tu pousses le bouchon un peu trop loin Maurice
85%
Réplique dans le film "La Cité de la Peur" : Tu bluffes Martoni Tu bluffes Martoni
77%
The Sims 4 First Person Mode Tu es un sims
75%
Tu fais Paris Roubaix en jeu vidéo bien sûr Tu fais Paris Roubaix
73%
Point de vue d'une banane convoitée par des singes Tu es une banane
68%
Extrait du clip du tube de Larusso "Tu m'oublieras" Tu m'oublieras
67%
Brigitte Bardot et Sacha Distel chantent ici "Tu es le soleil de ma vie" Tu es le soleil de ma vie
65%
Slogan de la pub pour Twix top Tu peux te brosser Martine
65%
Extrait de l'émission "Vendredi tout est permis". Dans cette séquence, si tu ris tu perds Tu ris, tu perds
65%
Extrait du clip de la chanson de Maître Gims "Tu vas me manquer" Tu vas me manquer
64%
SAV des émissions d'Omar et Fred sur canal+ ; running gag : Bah dis donc, tu viens plus aux soirées ? Tu viens plus aux soirées ?
64%
Même sur internet vu des millions de fois ... dans la suite de cet extrait, ce Monsieur dit : "Tu n'es pas du tout qualifié pour parler de mon gros front" (tu touches à ma sensibilité) Tu n'es pas du tout qualifié pour parler de mon gros front
63%
Vidéo "Crazy Russian Guy Lights Himself on Fire and Jumps From 9 Story Building" .. ca se passe à Novoaltaïsk et le Monsieur volontairement en feu (qui va bien) est Alexandr Chernikov Tu te balades en Russie
63%
Tu vois la Corse de Nice (par conditions météorologiques très favorables) Tu vois la Corse de Nice
63%
Extrait du clip de la Chanson de Lara Fabian et Maurane "Tu es mon autre" Tu es mon autre
58%
Extrait de la Scène d'ouverture de Scream 1996 où le tueur dit au téléphone "Tu me vois ?" Tu me vois ?
49%
Extrait de la série TV Friends où Phoebe chante "Tu pues le chat" Tu pues le chat
49%
Extrait de la 1ere scène du film Halloween La Nuit des Masques du point de vue de Michael Myers Tu es Michael Myers
44%
L'armée impériale des oies marche sur Gand, en Belgique Tu te balades en Belgique
44%
Extrait du clip de la chanson de Natasha St Pier "Tu trouveras" Tu trouveras
44%
Quelque part en Roumanie Tu te balades en Roumanie
43%
Extrait du film de 2014 : "Tu veux ou tu veux pas" Tu veux ou tu veux pas
41%
Extrait du film Léon, du point de vue de Léon dans cette scène Tu es Léon
34%
Aucun quiz correspondant
Distribution des résultats
% des personnes avec chaque résultat
Percentile par nombre de réponses
Votre historique - résultats
Vous n’avez pas pris ce quiz